| 000 | 01805nam a2200349Ia 4500 | ||
|---|---|---|---|
| 999 |
_c3682 _d3682 |
||
| 003 | OSt | ||
| 005 | 20200330101210.0 | ||
| 008 | 191128s1996 mx a gr 001 0 spa d | ||
| 020 | _a9686548343 | ||
| 040 |
_aCO-JMCR _cCO-JMCR |
||
| 082 | 0 | 4 |
_a030 / _bV473a |
| 100 | 1 |
_aVera, José Luis, _eCoordinación de texto _92147 |
|
| 245 | 1 | 2 |
_aA ver si sabes ... : _blibro - juego de preguntas y respuestas / _cJosé Luis Vera, Susana Esquerdo, Mónica Marínez ; ilustraciones, Nuria peiriz, Francisco Ráfols |
| 260 |
_aMéxico : _bLexus, _c1996 |
||
| 300 |
_a79 Páginas : _bIlustraciones a color ; _c27 cm. |
||
| 490 | 0 | _aPrograma educativo visual | |
| 500 | _aVolumen 1 : Preguntas de 1 - 10 | ||
| 505 | _a¿Cómo actúa un agujero negro sobre cualquier otro cuerpo del espacio? -- ¿Qué son las gafas bifocales? -- ¿ Cuanto mide un palmo? -- ¿ cual es el planeta más cercano al sol? -- ¿Es lo mismo un círculo que una circunferencia. | ||
| 520 | _aA ver si sabes… es un libro-juego de preguntas y respuestas pensando para que ´pueda participar toda la familia. Su objetivo es que los lectores se diviertan a la vez que aprenden y aprendan a la vez que se divierten | ||
| 546 | _aspa | ||
| 650 | 1 | 4 |
_aFísica _xpreguntas y respuestas _92148 |
| 650 | 2 | 4 |
_aQuímica _xpreguntas y respuestas _92153 |
| 650 | 2 | 4 |
_aAstronomía _xpreguntas y respuestas _92154 |
| 650 | 2 | 4 |
_aGeografía _xpreguntas y respuestas _92155 |
| 650 | 2 | 4 |
_aTecnología _x preguntas y respuestas _92156 |
| 650 | 2 | 4 |
_aGramática _xpreguntas y respuestas _92157 |
| 700 | 1 |
_aSusana Esquerdo, _eCoordinación de texto _92149 |
|
| 700 | 1 |
_aMarínez, Mónica, _eCoordinación de texto _92150 |
|
| 700 | 1 |
_aPeiriz, Nuria, _eilustradora _92151 |
|
| 700 | 1 |
_aRáfols, Francisco, _eIlustrador _92152 |
|
| 942 |
_2ddc _cBK |
||